| 000 | 00740nam a22002297a 4500 | ||
|---|---|---|---|
| 005 | 20240530110522.0 | ||
| 008 | 160220s2013 ua a g b 000 0 ara d | ||
| 017 |
_a2012/11343 _bمصر . دار الكتب المصرية |
||
| 020 | _a9772328704 | ||
| 040 | _aEG-CaGPL | ||
| 082 | 0 | 4 |
_221 _a153.35\ _bع أ |
| 100 | 0 | _aعمر محمد فؤاد . | |
| 245 | 1 | 2 |
_aالاسرار فى الابداع / _cعمر محمد فؤاد . |
| 250 | _aط1. | ||
| 260 |
_aالقاهرة : _bعالم الكتب ، _c2013 . |
||
| 300 |
_a439 ص ؛ _c24 سم . |
||
| 504 | _aيشتمل على ارجاعات ببليوجرافية . | ||
| 650 | 0 | 4 | _aالابداع . |
| 650 | 0 | 4 | _aالانتباه . |
| 650 | 0 | 4 | _aالتفكير . |
| 942 |
_2ddc _cBK |
||
| 999 |
_c61908 _d61908 |
||